000 00250nam a22000977a 4500
999 _c10936
_d10936
008 180411b ||||| |||| 00| 0 eng d
020 _a9788193294475
100 _aJain Priyanka
_96742
245 _aA Book of Computers-VIII
260 _aNew Delhi
_bCordova